|
|
|
|
| LEADER |
01414nam a2200265 a 4500 |
| 001 |
GR-MES12306 |
| 008 |
070530s gr b 001 0 gre d |
| 020 |
|
|
|a 9602864559
|
| 040 |
|
|
|a GrPaTEI
|b gre
|c GR-PaULI
|
| 040 |
|
|
|a GrPaTEI
|b gre
|c GR-PaULI
|
| 100 |
0 |
|
|a O'Brien John Maxwell
|
| 240 |
1 |
0 |
|a Alexander the Great : The invisible enemy
|
| 245 |
1 |
0 |
|a Αλέξανδρος ο Μέγας :
|b Ο αόρατος εχθρός -Μια βιογραφία /
|c John Maxwell O' Brien ; μετάφραση Νάνσυ Κουβαράκου , επιμέλεια Γιάννης Αντωνόπουλος.
|
| 260 |
|
|
|a Αθήνα :
|b 'Ελλην,
|c 2000
|
| 300 |
|
|
|a 345σ. :
|b χάρτες ;
|c 24εκ.
|
| 500 |
|
|
|a τίτλος πρωτοτύπου: Alexander the Great : The invisible enemy- A biography
|
| 504 |
|
|
|a περιέχει βιβλιογραφία : σελ (293-338 ) και ευρετήριο
|
| 600 |
0 |
7 |
|a Αλέξανδρος,
|c ο Μέγας,
|d 356 π.Χ.-323 π.Χ.
|2 mitos
|
| 650 |
|
4 |
|a Ελλάδα, Αρχαία
|x Ιστορία
|
| 700 |
0 |
|
|a Αντωνόπουλος Γιάννης
|
| 700 |
0 |
|
|a Κουβαράκου Νάνσυ
|
| 942 |
|
|
|2 ddc
|
| 952 |
|
|
|0 0
|1 0
|2 ddc
|4 0
|6 938_174000000000000_ΒRI
|7 0
|9 270880
|a MSLG
|b MSLG
|c BSC
|d 2021-01-17
|e 24
|f 0
|g 0.00
|l 0
|o 938.174 ΒRI
|p 2420000021822
|r 2021-01-17 00:00:00
|t 1
|w 2021-01-17
|y BK15
|x 20070530 0 1
|x GrPaTEI
|
| 971 |
|
|
|a .b25783531
|b 31-07-20
|c 13-09-16
|
| 999 |
|
|
|c 156495
|d 156495
|